000 00418nam a2200157 i 4500
001 31561
003 ES-MaACL
005 20230906154415.0
007 t|
008 030129s1973 sp ||||1| spa d
100 1 _aBeneyto, Juan.
_927558
245 1 0 _aConocimiento de la Información /
_cJuan Beneyto.
260 _aMadrid :
_bAlianza,
_c[1973]
300 _a264 p. ;
_c18 cm.
852 _aES-MaACL
_jC-55738
_bR.88336
999 _c31561
_d31561